| 000 | 00465nam a22001577a 4500 | ||
|---|---|---|---|
| 999 |
_c193909 _d193909 |
||
| 005 | 20221123124459.0 | ||
| 010 | _aE.N.A./7.11.22 | ||
| 020 |
_a9789390473007 _c575.00 |
||
| 037 | _bACADEMIC ASPIRATIONS | ||
| 100 | _aVERGY KRISHNA | ||
| 245 |
_aINDIA'S ANCIENT PAST _cKRISHNA VERGY |
||
| 260 |
_aNew Delhi _bACADEMIC ASPIRATIONS _c2022 |
||
| 270 |
_a4740/23, Ansari Road ,Daryaganj _bnew delhi _e110002 |
||
| 300 |
_a360p _b24cm (pbk) |
||
| 942 |
_2ddc _cEN _e2022 _mVER |
||